Medzinárodné štandardy pre finančné vykazovanie (IFRS) základný kurz pre správcov
Gespeichert in:
| Format: | Buch |
|---|---|
| Sprache: | Slowakisch |
| Veröffentlicht: |
Trenčín
INTERAUDIT
2010
|
| Schlagworte: | |
| Tags: |
Keine Tags, Fügen Sie das erste Tag hinzu!
|
MARC
| LEADER | 00000nam$a2200000$$$4500 | ||
|---|---|---|---|
| 001 | 0120665 | ||
| 005 | 20240226122631.9 | ||
| 041 | 0 | |a slo | |
| 044 | |a SK | ||
| 245 | 1 | 0 | |a Medzinárodné štandardy pre finančné vykazovanie (IFRS) |b základný kurz pre správcov |c kolektív autorov |
| 264 | 1 | |a Trenčín |b INTERAUDIT |c 2010 | |
| 300 | |a 72 s. | ||
| 610 | 2 | 0 | |a účtovníctvo medzinárodné |
| 610 | 2 | 0 | |a štandardy účtovné medzinárodné |
| 610 | 2 | 0 | |a IFRS |